000 00388cam a2200181ua 4500
001 13897
008 120825n1999 II |||gr||||Z||||||eng
040 _aMAIN
041 _aEnglish
082 _a SEW
082 _a
100 _aSEWELLS, ANNA.
245 _aKALAMONI
260 _aGUWAHATI
_bBANI MANDIR
_c1999
300 _a130:
_c15CM.
700 _aSAIKIA, PRABINA.
942 _cBK
999 _c13784
_d13784